| 000 | 00563nam a2200205 i 4500 | ||
|---|---|---|---|
| 001 | bgj | ||
| 100 | 1 |
_aJAKES, John _d(1932- ). |
|
| 245 | 1 | 0 |
_aThe Titans / _cJohn Jakes. |
| 260 |
_aNew York : _bA Pyramid Book, _c1976. |
||
| 300 |
_a633 pp ; _c18 cm. |
||
| 490 | 1 |
_aThe American Bicentennial Series ; _vvolume V |
|
| 650 | 9 | _aHistorical fiction | |
| 650 | 9 | _aEpic literature | |
| 650 | 9 | _aDomestic literature | |
| 830 | _aThe American Bicentennial Series ; | ||
| 040 | _cBPK | ||
| 041 | 0 | _aeng | |
| 942 | _cKS | ||
| 008 | s uk f |000 0 eng | ||
| 999 |
_c48371 _d48371 |
||
| 856 |
_uhttp://koha.tu.koszalin.pl/cgi-bin/koha/opac-detail.pl?biblionumber=48371 _yKatalog online BPK |
||